La inteligencia del niño pequeño
Gespeichert in:
| Hauptverfasser: | , |
|---|---|
| Format: | Buch |
| Sprache: | Spanisch |
| Veröffentlicht: |
Buenos Aires
Paidós
1965
|
| Schriftenreihe: | Biblioteca del Educador Contemporáneo, 29
|
| Schlagworte: | |
| Tags: |
Tag hinzufügen
Keine Tags, Fügen Sie den ersten Tag hinzu!
|
MARC
| LEADER | 00000nam a2200000 a 4500 | ||
|---|---|---|---|
| 001 | UCO9463 | ||
| 003 | CL-VaPUC | ||
| 008 | 010302e19650000AG |||||||||||||||||spa|d | ||
| 082 | 0 | 4 | |a 155.413 |b GOO |2 21 |
| 100 | 0 | |a Goodenough, F. L |e author |9 454632 | |
| 700 | 0 | |a Terman, Lewis M |e author |9 454633 | |
| 245 | 1 | 3 | |a La inteligencia del niño pequeño |
| 300 | |a 84 p | ||
| 942 | |c BK | ||
| 945 | |d 20010302 00:00:00 |a cmena | ||
| 260 | |a Buenos Aires |b Paidós |c 1965 | ||
| 650 | 0 | |a Psicología del niño |9 307305 | |
| 650 | 0 | |a Psicología del desarrollo |9 307541 | |
| 650 | 0 | |a Procesos mentales superiores |9 330839 | |
| 650 | 0 | |a Cognición |9 270347 | |
| 583 | |a last modification |c 20130107 12:11:50 |k Rodrigo Vera | ||
| 490 | 0 | |a Biblioteca del Educador Contemporáneo, 29 | |
| 999 | |c 293670 |d 293668 | ||
| 952 | |0 0 |1 0 |4 0 |6 155_413000000000000_GOO_1965 |7 0 |8 A |9 345358 |a FDOPOS |b FDOPOS |d 2019-11-20 |i 3690768 |o 155.413 GOO 1965 |p 3690768 |r 2025-01-22 |w 2019-11-20 |y BK |k MLA | ||